|
|
|
|
| LEADER |
00852nam a22002292a 4500 |
| 001 |
000921329 |
| 003 |
CZ BrMZK |
| 005 |
20081114074642.0 |
| 007 |
ta |
| 008 |
041109s1931 xr er|||||||||||cze d |
| 015 |
|
|
|a cnb000550454
|
| 035 |
|
|
|a (OCoLC)85393417
|
| 040 |
|
|
|a ABA001
|b cze
|c ABA001
|d ABA001
|d BOA001
|
| 100 |
1 |
|
|a Valouch, Miloslav,
|d 1878-1952
|7 jk01141328
|4 aut
|
| 245 |
1 |
0 |
|a Tabulky logaritmické /
|c sestavil a četnými tabulkami matematickými a fysikálními doplnil Ph.dr. Miloslav Valouch
|
| 250 |
|
|
|a Osmé vydání, částečně změněné
|
| 260 |
|
|
|a Praha :
|b Jednota československých matematiků a fyziků,
|c 1931
|
| 300 |
|
|
|a 2 listy, 203 s. ;
|c 8°
|
| 910 |
|
|
|a BOA001
|b PK-II-0010.028-31
|
| 990 |
|
|
|a BK
|
| 991 |
|
|
|b 200811
|
| 996 |
7 |
|
|b 3119659131
|c PK-II-0010.028-31
|l MZK
|r Sklad / do 1 hodiny
|n 0
|w 000921329
|u 000010
|a 1
|e BOA001
|j MZK50
|s A
|